<?xml version="1.0" encoding="UTF-8"?>
<record
    xmlns:xsi="http://www.w3.org/2001/XMLSchema-instance"
    xsi:schemaLocation="http://www.loc.gov/MARC21/slim http://www.loc.gov/standards/marcxml/schema/MARC21slim.xsd"
    xmlns="http://www.loc.gov/MARC21/slim">

  <leader>03601nam a2200325 a 4500</leader>
  <controlfield tag="003">OSt</controlfield>
  <controlfield tag="005">20250423085453.0</controlfield>
  <controlfield tag="007">cr ||||||a|c|a</controlfield>
  <controlfield tag="008">250224s2024    mx a|||fom||| 001 0 spa d</controlfield>
  <datafield tag="040" ind1=" " ind2=" ">
    <subfield code="e">rda</subfield>
  </datafield>
  <datafield tag="100" ind1="1" ind2=" ">
    <subfield code="a">Garc&#xED;a L&#xF3;pez, Carlos Alberto</subfield>
    <subfield code="9">190151</subfield>
  </datafield>
  <datafield tag="245" ind1="1" ind2=" ">
    <subfield code="a">An&#xE1;lisis comparativo del estado de conservaci&#xF3;n del ecosistema bosque seco tropical en la Regi&#xF3;n de San Pedro Mixtepec Distrito 22, Oaxaca, M&#xE9;xico con relaci&#xF3;n a San Jos&#xE9; de C&#xFA;cuta, Colombia /</subfield>
    <subfield code="c">por Carlos Alberto Garc&#xED;a L&#xF3;pez; director de tesis David Garc&#xED;a C&#xED;ntora; secretario Alberto Zorrilla S&#xE1;nchez; vocal Jos&#xE9; Luis Navarro Sandoval; suplente Diana Hern&#xE1;ndez Ram&#xED;rez; suplente Ana Laura Armenta Flores.</subfield>
  </datafield>
  <datafield tag="264" ind1=" " ind2="1">
    <subfield code="a">Chapingo, M&#xE9;xico :</subfield>
    <subfield code="b">El autor,</subfield>
    <subfield code="c">2024.</subfield>
  </datafield>
  <datafield tag="300" ind1=" " ind2=" ">
    <subfield code="a">1 recurso en l&#xED;nea (66 p&#xE1;ginas):</subfield>
    <subfield code="b">cuadros, figuras.</subfield>
  </datafield>
  <datafield tag="336" ind1=" " ind2=" ">
    <subfield code="2">rdacontent</subfield>
    <subfield code="a">texto</subfield>
    <subfield code="b">txt</subfield>
  </datafield>
  <datafield tag="337" ind1=" " ind2=" ">
    <subfield code="2">rdamedia</subfield>
    <subfield code="a">computadora</subfield>
    <subfield code="b">c</subfield>
  </datafield>
  <datafield tag="338" ind1=" " ind2=" ">
    <subfield code="2">rdacarrier</subfield>
    <subfield code="a">recurso en l&#xED;nea</subfield>
    <subfield code="b">cr</subfield>
  </datafield>
  <datafield tag="502" ind1=" " ind2=" ">
    <subfield code="b">IF</subfield>
    <subfield code="c">DICIFO</subfield>
    <subfield code="d">2024.</subfield>
    <subfield code="g">LIC</subfield>
  </datafield>
  <datafield tag="504" ind1=" " ind2=" ">
    <subfield code="a">Incluye referencias bibliogr&#xE1;ficas: p&#xE1;ginas</subfield>
  </datafield>
  <datafield tag="520" ind1=" " ind2=" ">
    <subfield code="a">El cambio de uso de suelo y la p&#xE9;rdida de la cobertura vegetal son de los principales problemas que aquejan a la humanidad, y son la principal causa del cambio clim&#xE1;tico global que se relaciona directamente con la seguridad en la producci&#xF3;n de alimentos, la urbanizaci&#xF3;n, la biodiversidad. Por ello, se determin&#xF3; la tasa de cambio de uso de suelo en el municipio de San Pedro Mixtepec, M&#xE9;xico, as&#xED; como de San Jos&#xE9; de C&#xFA;cuta, Colombia, mediante el uso de im&#xE1;genes de sat&#xE9;lite de los a&#xF1;os 2000, 2010 y 2021. Se obtuvo informaci&#xF3;n mediante: revisi&#xF3;n de literatura y a trav&#xE9;s de la metodolog&#xED;a del Procesamiento Digital de Im&#xE1;genes de Sat&#xE9;lite propuesta por Galindo en 2014, en la cual se realiz&#xF3; un an&#xE1;lisis, empleando el clasificador denominado MAXLIKE (m&#xE1;xima verosimilitud). Se identificaron tres categor&#xED;as de cobertura del suelo: cobertura vegetal, infraestructura y &#xE1;reas agr&#xED;colas. La validaci&#xF3;n se realiz&#xF3; con pol&#xED;gonos de referencia obtenidos del Conjunto de datos vectoriales del uso de suelo y vegetaci&#xF3;n del Portal del Instituto Nacional de Estad&#xED;stica y Geograf&#xED;a (INEGI, 1980) y el Cambio cobertura de bosque del periodo 1990-2000 del monitoreo y seguimiento de bosque, extra&#xED;do del Geoportal del Instituto de Hidrolog&#xED;a, Meteorolog&#xED;a y Estudios Ambientales (IDEAM). Los datos obtenidos, reflejan el da&#xF1;o causado a los servicios ecosist&#xE9;micos, particularmente a los de protecci&#xF3;n al ambiente, por su contribuci&#xF3;n a contrarrestar los efectos clim&#xE1;ticos, por ende, ambos municipios al incurrir en la destrucci&#xF3;n de sus h&#xE1;bitats naturales representan una amenaza a la biodiversidad global. Finalmente, tomando en consideraci&#xF3;n la superficie vegetal desde el a&#xF1;o 1980 en comparaci&#xF3;n con el a&#xF1;o 2021, se plantea la propuesta de una serie de Programas de Recuperaci&#xF3;n a corto, mediano y largo plazo, en San Pedro Mixtepec, con un objetivo de reforestaci&#xF3;n de 5,734 hect&#xE1;reas.</subfield>
  </datafield>
  <datafield tag="650" ind1=" " ind2="4">
    <subfield code="a">Cambio clim&#xE1;tico</subfield>
    <subfield code="x">Efecto en suelos</subfield>
    <subfield code="9">132129</subfield>
  </datafield>
  <datafield tag="650" ind1=" " ind2="4">
    <subfield code="a">Procesamiento autom&#xE1;tico de datos en suelos</subfield>
    <subfield code="9">91812</subfield>
  </datafield>
  <datafield tag="700" ind1="1" ind2=" ">
    <subfield code="a">Garc&#xED;a C&#xED;ntora, David</subfield>
    <subfield code="9">45867</subfield>
    <subfield code="e">Director de tesis.</subfield>
  </datafield>
  <datafield tag="700" ind1="1" ind2=" ">
    <subfield code="a">Zorrilla S&#xE1;nchez, Alberto</subfield>
    <subfield code="9">124207</subfield>
    <subfield code="e">Secretario.</subfield>
  </datafield>
  <datafield tag="700" ind1="1" ind2=" ">
    <subfield code="a">Navarro Sandoval, Jos&#xE9; Luis</subfield>
    <subfield code="9">80597</subfield>
    <subfield code="e">Vocal.</subfield>
  </datafield>
  <datafield tag="700" ind1="1" ind2=" ">
    <subfield code="a">Hern&#xE1;ndez Ram&#xED;rez, Diana</subfield>
    <subfield code="9">190158</subfield>
    <subfield code="e">Suplente.</subfield>
  </datafield>
  <datafield tag="700" ind1="1" ind2=" ">
    <subfield code="a">Armenta Flores, Ana Laura</subfield>
    <subfield code="9">190160</subfield>
    <subfield code="e">Suplente.</subfield>
  </datafield>
  <datafield tag="856" ind1=" " ind2=" ">
    <subfield code="u">http://10.13.5.2/tesis/tl/1610859-5_GARCIA_LOPEZ_CARLOSALBERTO.pdf</subfield>
    <subfield code="z">DESCARGAR PDF</subfield>
  </datafield>
  <datafield tag="942" ind1=" " ind2=" ">
    <subfield code="2">Clasificaci&#xF3;n Universidad Aut&#xF3;noma Chapingo</subfield>
    <subfield code="c">TD</subfield>
  </datafield>
  <datafield tag="999" ind1=" " ind2=" ">
    <subfield code="c">220480</subfield>
    <subfield code="d">220480</subfield>
  </datafield>
  <datafield tag="952" ind1=" " ind2=" ">
    <subfield code="0">0</subfield>
    <subfield code="1">0</subfield>
    <subfield code="2">local</subfield>
    <subfield code="4">0</subfield>
    <subfield code="5">1</subfield>
    <subfield code="7">0</subfield>
    <subfield code="8">TesDigL</subfield>
    <subfield code="a">BD</subfield>
    <subfield code="b">BD</subfield>
    <subfield code="c">E_L</subfield>
    <subfield code="d">2025-02-24</subfield>
    <subfield code="l">0</subfield>
    <subfield code="o">Tesis digital</subfield>
    <subfield code="r">2025-02-24 10:55:01</subfield>
    <subfield code="w">2025-02-24</subfield>
    <subfield code="y">TD</subfield>
  </datafield>
</record>
